Логистика (Запись № 952695)

Подробности
000 -МАРКЕР
контрольное поле 01860nam0a2200349 4500
001 - ИДЕНТИФИКАТОР ЗАПИСИ
контрольное поле RU\NLR\bibl\1664907
005 - ИДЕНТИФИКАТОР ВЕРСИИ
контрольное поле 20260405172121.0
010 ## - МЕЖДУНАРОДНЫЙ СТАНДАРТНЫЙ НОМЕР КНИГИ (ISBN)
Номер (ISBN) 978-5-9693-0124-5
021 ## - НОМЕР ГОСУДАРСТВЕННОЙ РЕГИСТРАЦИИ
Код страны Российская Федерация
Номер 2010-51919
Номер Листа государственной регистраци 3421
035 ## - ДРУГИЕ СИСТЕМНЫЕ НОМЕРА
Идентификатор записи (NLR Aleph) 001656183
100 ## - ДАННЫЕ ОБЩЕЙ ОБРАБОТКИ
Данные общей обработки 20100817d2010 |||y0rusy50 ca
101 1# - ЯЗЫК РЕСУРСА
Язык текста, звукозаписи и т.д. русский
Язык оригинала английский
102 ## - СТРАНА ПУБЛИКАЦИИ ИЛИ ПРОИЗВОДСТВА
Страна публикации Российская Федерация
105 ## - ПОЛЕ КОДИРОВАННЫХ ДАННЫХ: ТЕКСТОВЫЕ МАТЕРИАЛЫ, МОНОГРАФИЧЕСКИЕ
Кодированные данные о монографическом текстовом документе a |||||||||
200 1# - ЗАГЛАВИЕ И СВЕДЕНИЯ ОБ ОТВЕТСТВЕННОСТИ
Основное заглавие Логистика
Сведения, относящиеся к заглавию интегрированная цепь поставок
Первые сведения об ответственности Доналд Дж. Бауэрсокс, Дейвид Дж. Клосс
Последующие сведения об ответственности [пер. с англ. Н.Н. Барышниковой, Б.С. Пинскера]
205 ## - СВЕДЕНИЯ ОБ ИЗДАНИИ
Сведения об издании 2-е изд.
210 ## - ПУБЛИКАЦИЯ, РАСПРОСТРАНЕНИЕ И ДР.
Место издания, распространения и т.д. Москва
Имя издателя, распространителя и т. д. Олимп-Бизнес
-- издатель В.Ю. Стабников
Дата издания, распространения и т.д. 2010
215 ## - ФИЗИЧЕСКАЯ ХАРАКТЕРИСТИКА
Специфическое обозначение материала и объем 635 с.
Другие сведения о физической характеристике ил.
Размеры 26
300 ## - ОБЩИЕ ПРИМЕЧАНИЯ
Текст примечания Загл. и авт. ориг.: Logistical management/ Donald J. Bowersox, David J. Closs
300 ## - ОБЩИЕ ПРИМЕЧАНИЯ
Текст примечания На с. 5 авт.: Доналд Дж. Бауэрсокс, Дейвид Дж. Клосс - профессора Мичиган. гос. ун-та, д-ра наук по маркетингу
320 ## - ПРИМЕЧАНИЯ О НАЛИЧИИ В ДОКУМЕНТЕ БИБЛИОГРАФИИ / УКАЗАТЕЛЯ
Текст примечания Библиогр.: с. 633-635 (125 назв.)
454 #0 - ОРИГИНАЛ (ПЕРЕВОДА)
Встроенное поле 2001#$aLogistical management$fDonald J. Bowersox, David J. Closs
-- 700#1$3RU\NLR\auth\7773651$7ba$aBowersox$bD. J.$gDonald John$4070
-- 701#1$3RU\NLR\auth\7773661$7ba$aCloss$bD. J.$gDavid J.$4070
Заглавие Logistical management
Автор Bowersox, Donald John
606 1# - НАИМЕНОВАНИЕ ТЕМЫ КАК ПРЕДМЕТ
Наименование темы Логистика в экономике
Системный номер авторитетной/нормативной записи 2168149
Идентификатор авторитетной/нормативной записи RU\NLR\auth\661304395
686 ## - ИНДЕКСЫ ДРУГИХ КЛАССИФИКАЦИЙ
Индекс У40(0)в611
700 #1 - ИМЯ ЛИЦА - ПЕРВИЧНАЯ ОТВЕТСТВЕННОСТЬ
Код отношения Автор
Материалы, к которым относится поле rus
Графика поля Кириллица
Начальный элемент ввода Бауэрсокс
Часть имени, кроме начального элемента ввода Д. Д.
Расширение инициалов личного имени Доналд Дж.
Идентификатор авторитетной/нормативной записи RU\NLR\auth\7773647
Системный номер авторитетной/нормативной записи 56575
701 #1 - ИМЯ ЛИЦА - АЛЬТЕРНАТИВНАЯ ОТВЕТСТВЕННОСТЬ
Код отношения Автор
Материалы, к которым относится поле rus
Графика поля Кириллица
Начальный элемент ввода Клосс
Часть имени, кроме начального элемента ввода Д. Д.
Расширение инициалов личного имени Дейвид Дж.
Идентификатор авторитетной/нормативной записи RU\NLR\auth\7773660
Системный номер авторитетной/нормативной записи 56588
801 #0 - ИСТОЧНИК ЗАПИСИ
Страна Российская Федерация
Организация NLR
Дата составления 20100817
Правила каталогизации RCR
801 #1 - ИСТОЧНИК ЗАПИСИ
Страна Российская Федерация
Организация NLR
Дата составления 20100817
942 ## - ДОПОЛНИТЕЛЬНЫЕ ЭЛЕМЕНТЫ ЗАПИСИ (АБИС)
Тип экземпляра АБИС Книга
980 ## - КОЛЛЕКЦИЯ
Название коллекции Национальная библиография
Экземпляры
Тип экземпляра Дата поступления Источник поступления Библиотека постоянного хранения Библиотека текущего хранения Место хранения Шифр хранения Штрих-код Статус экземпляра Стоимость
Книга 17.08.2010 Обязательный экземпляр РНБ (Московский) РНБ (Московский) Русский книжный фонд: издания с 1957 года 2010-7/4257 1-368867    
Книга 17.08.2010 Обязательный экземпляр РНБ (Московский) РНБ (Московский) Фонд общего зала социально-экономической литературы С1 У40/Б-298 1-353676   0.00